000 00756nam a2200289Ia 4500
005 20260324133806.0
008 008 260324s9999 xx 000 0 eng d
020 _a9781315811208
037 _aEBOOK
040 _aCRL
040 _beng
040 _cCRL
041 _2eng
041 _aeng
084 _qCRL
100 _aDemie Kurz; Andrew S. London; Rebecca Reviere; Mary Tuominen; Francesca M. Cancian
_91194414
245 0 _aChild Care and Inequality
245 0 _bRe-Thinking Carework for Children and Youth
260 _bTaylor and Francis
260 _c2003
365 _a
365 _b180
856 _uhttp://www.taylorfrancis.com/books/9781315811208
942 _cEBOOK
999 _c1793827
_d1793827